| 000 | 00945cab a2200325 4500 | ||
|---|---|---|---|
| 001 | Z3800 | ||
| 008 | 090401t1993 xxu||||| |||| 00| 0 eng d | ||
| 035 | _a(Sirsi) u55205 | ||
| 041 | _aeng | ||
| 100 | _aFox, D. | ||
| 245 | _aAdding value by combining satellite images with digital mapping | ||
| 260 | _c1993 | ||
| 350 | _a0 | ||
| 490 |
_aMapping Awareness _v7(5) June 1993, 30-31(2) |
||
| 520 | _aLooks at compatibility of image and vector products and the collaboration of the NRSC and OS in this field. | ||
| 650 | _aDIGITAL MAPPING | ||
| 650 | _aDIGITAL TERRAIN MODEL | ||
| 650 | _aGIS | ||
| 650 | _aLANDSAT | ||
| 650 | _aNATIONAL DIGITAL MAPPING ARCHIVE | ||
| 650 | _aNATIONAL REMOTE SENSING CENTRE | ||
| 650 | _aORDNANCE SURVEY | ||
| 650 | _aREMOTE SENSING | ||
| 650 | _aSPOT | ||
| 690 | _aLAND SURVEYING | ||
| 690 | _aMAPPING AND MEASUREMENT | ||
| 700 | _aHavercroft, M. | ||
| 942 | _n0 | ||
| 948 | _c04/03/1997 | ||
| 999 |
_c33734 _d33734 |
||